UBT Library

Grundriß der praktischen regelungstechnik : (Record no. 1118)

000 -LEADER
fixed length control field 00562nam a22001937a 4500
008 - FIXED-LENGTH DATA ELEMENTS--GENERAL INFORMATION
fixed length control field 150714b xxu||||| |||| 00| 0 ger d
041 0# - LANGUAGE CODE
Language code of text/sound track or separate title ger
080 ## - UNIVERSAL DECIMAL CLASSIFICATION NUMBER
Universal Decimal Classification number 62-50
100 ## - Rafti
Rafti Samal, Erwin ;
245 ## - TITLE STATEMENT
Title Grundriß der praktischen regelungstechnik :
Statement of responsibility, etc Erwin Samal.
250 ## -
-- Band II
260 ## -
-- München - Wien :
-- R. Oldenbourg ;
-- 1970.
300 ## -
-- 396 f. :
-- me il. ;
-- 22 cm.
500 ## -
-- Vorwort: f. 9-10
650 #0 -
-- Teknologjia
650 #0 -
-- Praktika
650 #0 -
-- Kontrolli
942 ## - ADDED ENTRY ELEMENTS (KOHA)
Source of classification or shelving scheme
Item type Books
Holdings
Withdrawn status Lost status Source of classification or shelving scheme Damaged status Not for loan Collection code Permanent location Current location Shelving location Date acquired Total Checkouts Full call number Date last seen Price effective from Koha item type
          Koleksioni i përgjithshem UBT - Prishtine UBT - Prishtine Koleksioni i përgjithshem 07/14/2015   62-50 SAM 07/14/2015 07/14/2015 Books
UBT Library © 2015-2024. All rights reserved University Education for Business and Technology